| 000 | 00941nas a2200337 4500 | ||
|---|---|---|---|
| 001 | BR0905316 | ||
| 003 | BR-BrBNA | ||
| 005 | 20231205113643.0 | ||
| 007 | ta | ||
| 008 | 230509b bl.|||p| |||| 00| 00por d | ||
| 040 |
_aBR-BrBNA _bpor _cBiblioteca Nacional de Agricultura |
||
| 041 | _a(Pt) | ||
| 072 | _aH50 | ||
| 100 | 1 | _aSestari, I. | |
| 100 | 1 | _aNeuwald, D.A. | |
| 100 | 1 | _aGiehl, R.F.H. | |
| 100 | 1 | _aWeber, A. | |
| 100 | 1 | _aBrackmann, A. | |
| 245 | 1 | _aMétodos para predição de bitter pit em maçãs Fuji e Braeburn | |
| 650 | _aMAÇÃ | ||
| 650 | _aDISTÚRBIO FISIOLÓGICO | ||
| 650 | _aPÓS-COLHEITA | ||
| 650 | _aANÁLISE QUÍMICA | ||
| 650 | _aETILENO | ||
| 650 | _aDEFICIÊNCIA | ||
| 650 | _aCÁLCIO | ||
| 650 | _aARMAZENAMENTO | ||
| 773 | 0 |
_tCiência Rural (Brazil) _xISSN 0103-8478 _g(Jul 2009), v. 39(4) p. 1032-1038 _wBR0905316 |
|
| 909 |
_a202311 _bLúcia _c55 _dLúcia Elande |
||
| 942 |
_2AGRIS _n0 _cANA |
||
| 999 |
_c204901 _d204901 |
||